Causes of changes in social protection systems
Článok sa zaoberá základnými demografickými, ekonomickými a sociálnymi zmenami posledných rokov, ktoré bezprostredne ovplyvňujú systém sociálnej ochrany. Všíma si predovšetkým také faktory ako sú: starnutie populácie, rastúca účasť žien na trhu práce, vysoký počet predčasných dôchodkov a pretrvávani...
Enregistré dans:
| Auteur principal: | |
|---|---|
| Autres auteurs: | |
| Format: | Chapitre de livre |
| Langue: | anglais |
| Sujets: | |
| Tags: |
Pas de tags, Soyez le premier à ajouter un tag!
|
MARC
| LEADER | 00000naa$a2200000$$$4500 | ||
|---|---|---|---|
| 001 | 0010274 | ||
| 005 | 20231004080309.9 | ||
| 041 | 0 | |a eng | |
| 044 | |a CZ | ||
| 245 | 1 | 0 | |a Causes of changes in social protection systems |c Vojtěch Krebs, Antonín Slaný |
| 520 | |a Článok sa zaoberá základnými demografickými, ekonomickými a sociálnymi zmenami posledných rokov, ktoré bezprostredne ovplyvňujú systém sociálnej ochrany. Všíma si predovšetkým také faktory ako sú: starnutie populácie, rastúca účasť žien na trhu práce, vysoký počet predčasných dôchodkov a pretrvávanie dlhodobej nezamestnanosti a meniacej sa štruktúry domácností. Na základe stručnej analýzy týchto faktorov meniacich ekonomické prostredie potom autori formulujú základné ciele modernizácie sociálnej ochrany. | ||
| 610 | 2 | 0 | |a vývoj sociálny |
| 610 | 2 | 0 | |a starnutie populácie |
| 610 | 2 | 0 | |a vývoj spoločenský |
| 610 | 2 | 0 | |a Európska únia |
| 610 | 2 | 0 | |a obyvateľstvo |
| 610 | 2 | 0 | |a situácia sociálna |
| 610 | 2 | 0 | |a ochrana sociálna |
| 610 | 2 | 0 | |a domácnosti |
| 610 | 2 | 0 | |a trh práce |
| 610 | 2 | 0 | |a nezamestnanosť |
| 610 | 2 | 0 | |a politika sociálna |
| 610 | 2 | 0 | |a prostredie ekonomické |
| 100 | 1 | |a Krebs, Vojtěch | |
| 700 | 1 | |a Slaný, Antonín | |